| 000 | 00616cam a22002172 4500 | ||
|---|---|---|---|
| 001 | 0000018623 | ||
| 005 | 20151217152131.0 | ||
| 008 | 100223s xx 000 0 eng d | ||
| 020 | _a9966255281 | ||
| 040 |
_aKABU _cKABU |
||
| 050 | 0 |
_aPR9381.9 _b.N48R58 2007 |
|
| 100 | 1 |
_aNgugi, James. _@0000152282 |
|
| 245 | 1 | 4 | _aThe River between. |
| 250 | _aschool ed. | ||
| 260 |
_aNairobi : _bE. A. E. P., _c2007. |
||
| 300 | _a148 p. | ||
| 852 | 1 | _9p380 KES | |
| 852 | 1 | _9p390 KES | |
| 908 | _a100223 | ||
| 950 | _@1 | ||
| 999 |
_c8597 _d8597 |
||